000 00331nam a2200133Ia 4500
008 100328s9999 xx 000 0 und d
082 _b70900
100 _aजाखोटिया गिरीश.
245 _aवंश
260 _bराजेंद्र.
630 _aवंश
730 _aवंश
942 _cBOOK
999 _c556625
_d556622